[Event "ROM-ch"]
[Site "Sebes"]
[Date "2023.02.26"]
[Round "9"]
[White "Cosma, Ioan"]
[Black "Gavrilescu, David"]
[Result "1/2-1/2"]
[WhiteElo "2368"]
[BlackElo "2522"]
[PlyCount "75"]
[EventDate "2023.02.19"]
[EventType "swiss"]
[EventRounds "9"]
[EventCountry "ROU"]
[SourceTitle "CBM 212 Extra"]
[Source "ChessBase"]
[SourceDate "2023.03.31"]
[SourceVersion "1"]
[SourceVersionDate "2023.03.31"]
[SourceQuality "1"]

1. d4 d5 2. c4 e6 3. Nf3 Nf6 4. g3 Bb4+ 5. Bd2 Bd6 6. Bg2 c6 7. Qc2 Nbd7 8. Nc3 dxc4 9. a4 a5 10. 0-0 0-0 11. Rfd1 Qe7 12. Bg5 h6 13. Bxf6 Nxf6 14. Ne5 Bxe5 15. dxe5 Nd7 16. f4 f6 17. exf6 Nxf6 18. Qd2 e5 19. Qd6 Qxd6 20. Rxd6 exf4 21. gxf4 Ng4 22. Bf3 Ne3 23. Kf2 Nf5 24. Rd2 Be6 25. e3 Rae8 26. Be2 Nh4 27. Rg1 Kh8 28. Bh5 Re7 29. Rgd1 g6 30. Rd8 Rxd8 31. Rxd8+ Kg7 32. Be2 g5 33. fxg5 hxg5 34. Ne4 Kg6 35. Nd6 Nf5 36. Bxc4 Bxc4 37. Nxc4 Re4 38. b3 1/2-1/2

[Event "ROM GP Final KO"]
[Site "Alba Iulia"]
[Date "2022.12.06"]
[Round "3.1"]
[White "Cosma, Ioan"]
[Black "David, Alexandru Vasile"]
[Result "0-1"]
[WhiteElo "2368"]
[BlackElo "2404"]
[PlyCount "120"]
[EventDate "2022.12.06"]
[EventType "k.o. (rapid)"]
[EventRounds "3"]
[EventCountry "ROU"]
[SourceTitle "CBM 211 Extra"]
[Source "ChessBase"]
[SourceDate "2023.01.31"]
[SourceVersion "1"]
[SourceVersionDate "2023.01.31"]
[SourceQuality "1"]

1. d4 Nf6 2. Nf3 g6 3. c4 Bg7 4. Nc3 0-0 5. e4 d6 6. Be2 e5 7. 0-0 exd4 8. Nxd4 Re8 9. f3 c6 10. Kh1 d5 11. cxd5 cxd5 12. Bg5 Nc6 13. Ndb5 a6 14. exd5 axb5 15. dxc6 Qxd1 16. Bxd1 bxc6 17. Bb3 Be6 18. Rac1 Bxb3 19. axb3 Nd5 20. Nxd5 cxd5 21. Rc5 b4 22. Bd2 d4 23. Bxb4 Rab8 24. Ba3 Rxb3 25. Rd5 Rd3 26. g3 Rd2 27. Bc5 Rxb2 28. Rd6 Bf8 29. Bxd4 Rd2 30. Rd5 Bg7 31. Bxg7 Rxd5 32. Bc3 Rd3 33. Bb4 Rb3 34. Bc5 Rc3 35. Bd6 Rd3 36. Bf4 Re2 37. g4 f6 38. h4 Kf7 39. Bg3 Red2 40. Bf4 Rc2 41. Bg3 Rcd2 42. Bf4 Rd1 43. Rxd1 Rxd1+ 44. Kg2 Ke6 45. Kf2 Ra1 46. Be3 Ra4 47. Kg3 Ra3 48. Bd4 f5 49. g5 Ra4 50. Bb6 Kd5 51. Bf2 Rc4 52. Be3 Kc6 53. Bf4 Kb5 54. Be5 Kb4 55. h5 gxh5 56. f4 Rc1 57. Bb8 Kc4 58. Be5 Kd3 59. Kh4 Rh1+ 60. Kg3 Ke4 0-1

[Event "ROM GP Final Gp-D"]
[Site "Alba Iulia"]
[Date "2022.12.05"]
[Round "3"]
[White "Lupulescu, Constantin"]
[Black "Cosma, Ioan"]
[Result "1-0"]
[WhiteElo "2592"]
[BlackElo "2368"]
[PlyCount "99"]
[EventDate "2022.12.05"]
[EventType "tourn (rapid)"]
[EventRounds "6"]
[EventCountry "ROU"]
[EventCategory "9"]
[SourceTitle "CBM 211 Extra"]
[Source "ChessBase"]
[SourceDate "2023.01.31"]
[SourceVersion "1"]
[SourceVersionDate "2023.01.31"]
[SourceQuality "1"]

1. e4 c5 2. Nf3 Nc6 3. d4 cxd4 4. Nxd4 Nf6 5. Nc3 d6 6. Bb5 Bd7 7. Be3 g6 8. f3 Bg7 9. Qd2 0-0 10. 0-0-0 a6 11. Be2 b5 12. Kb1 b4 13. Nd5 a5 14. h4 Rc8 15. h5 Nxd4 16. Bxd4 Nxd5 17. exd5 Bf5 18. Bd3 Bxd4 19. Bxf5 Bc3 20. Qg5 e6 21. Qxd8 Rcxd8 22. dxe6 Bf6 23. exf7+ Kxf7 24. Be4 Rfe8 25. Rd3 Kg7 26. hxg6 hxg6 27. Rhd1 Be5 28. Rd5 a4 29. Ra5 a3 30. bxa3 bxa3 31. Rxa3 Rh8 32. Rb3 Rh2 33. g4 Rdh8 34. a4 Kf6 35. Ka2 Rc8 36. Ka3 Rc5 37. Rb5 Rc3+ 38. Kb4 Rc7 39. a5 Rh8 40. c4 Rh2 41. a6 Ra2 42. Bb7 Rh7 43. g5+ Ke7 44. Be4 Rh8 45. Rb7+ Ke6 46. Bd5+ Kf5 47. Rf7+ Kxg5 48. Rg1+ Kh4 49. Rh1+ Kg3 50. Rxh8 1-0

[Event "ROM-chT Rapid"]
[Site "Sebes"]
[Date "2022.12.03"]
[Round "8.10"]
[White "Ghimpu, Samuel Timotei"]
[Black "Cosma, Ioan"]
[Result "1/2-1/2"]
[WhiteElo "2455"]
[BlackElo "2368"]
[PlyCount "42"]
[EventDate "2022.12.03"]
[EventType "team-swiss (rapid)"]
[EventRounds "8"]
[EventCountry "ROU"]
[SourceTitle "CBM 211 Extra"]
[Source "ChessBase"]
[SourceDate "2023.01.31"]
[SourceVersion "1"]
[SourceVersionDate "2023.01.31"]
[SourceQuality "1"]
[WhiteTeam "Arad Vados"]
[BlackTeam "Techirghiol Victoria"]
[WhiteTeamCountry "ROU"]
[BlackTeamCountry "ROU"]

1. e4 e5 2. Nf3 Nf6 3. d4 Nxe4 4. Bd3 d5 5. Nxe5 Nd7 6. Nxd7 Bxd7 7. 0-0 Bd6 8. Nc3 Nxc3 9. bxc3 0-0 10. Qh5 f5 11. Re1 c6 12. Bg5 Qc7 13. Re3 g6 14. Qh4 Rae8 15. c4 Rxe3 16. fxe3 Qa5 17. cxd5 cxd5 18. Be7 Bxe7 19. Qxe7 Bc6 20. h4 Re8 21. Qg5 Qd2 1/2-1/2

[Event "ROM-chT Rapid"]
[Site "Sebes"]
[Date "2022.12.03"]
[Round "5.6"]
[White "Secheres, Adrian Simion"]
[Black "Cosma, Ioan"]
[Result "1/2-1/2"]
[WhiteElo "2365"]
[BlackElo "2368"]
[PlyCount "51"]
[EventDate "2022.12.03"]
[EventType "team-swiss (rapid)"]
[EventRounds "8"]
[EventCountry "ROU"]
[SourceTitle "CBM 211 Extra"]
[Source "ChessBase"]
[SourceDate "2023.01.31"]
[SourceVersion "1"]
[SourceVersionDate "2023.01.31"]
[SourceQuality "1"]
[WhiteTeam "Timisoara Vest Univ"]
[BlackTeam "Techirghiol Victoria"]
[WhiteTeamCountry "ROU"]
[BlackTeamCountry "ROU"]

1. d4 e6 2. c4 Bb4+ 3. Nc3 c5 4. dxc5 Nf6 5. Qc2 0-0 6. Nf3 Na6 7. g3 Nxc5 8. Bg2 Nce4 9. 0-0 Nxc3 10. bxc3 Be7 11. e4 d6 12. e5 dxe5 13. Nxe5 Qc7 14. Qe2 Bd6 15. Re1 Rb8 16. Bf4 Nd7 17. Rab1 Nxe5 18. Bxe5 b6 19. Bxd6 Qxd6 20. Qe5 Qxe5 21. Rxe5 Ba6 22. Bf1 Rbc8 23. c5 Bxf1 24. Kxf1 Rc6 25. cxb6 axb6 26. Reb5 1/2-1/2

[Event "Sebes Romanian Rapid op"]
[Site "Sebes"]
[Date "2022.12.02"]
[Round "2"]
[White "Dragut, Stefan Cristian"]
[Black "Cosma, Ioan"]
[Result "0-1"]
[WhiteElo "1217"]
[BlackElo "2368"]
[PlyCount "60"]
[EventDate "2022.12.02"]
[EventType "swiss (rapid)"]
[EventRounds "8"]
[EventCountry "ROU"]
[SourceTitle "CBM 211 Extra"]
[Source "ChessBase"]
[SourceDate "2023.01.31"]
[SourceVersion "1"]
[SourceVersionDate "2023.01.31"]
[SourceQuality "1"]

1. e4 c5 2. Nc3 Nc6 3. f4 g6 4. Nf3 Bg7 5. Bb5 Nd4 6. 0-0 Nxb5 7. Nxb5 d5 8. d3 a6 9. Nc3 Nf6 10. Qe1 0-0 11. e5 Ng4 12. h3 Nh6 13. d4 cxd4 14. Nxd4 Nf5 15. Be3 Nxe3 16. Qxe3 e6 17. g4 Re8 18. Rae1 Bd7 19. Qg3 Qc7 20. f5 exf5 21. Nxd5 Qc5 22. c3 Qxd5 23. gxf5 Bxe5 24. Qg4 Bxd4+ 25. cxd4 Bxf5 26. Qh4 Re4 27. Rxe4 Qxe4 28. Qf2 Re8 29. Qd2 Qe3+ 30. Qxe3 Rxe3 0-1

[Event "Braila GP RO Stage 5"]
[Site "Braila"]
[Date "2022.11.06"]
[Round "9"]
[White "Parligras, Mircea Emilian"]
[Black "Cosma, Ioan"]
[Result "1-0"]
[WhiteElo "2567"]
[BlackElo "2368"]
[PlyCount "91"]
[EventDate "2022.11.05"]
[EventType "swiss (rapid)"]
[EventRounds "10"]
[EventCountry "ROU"]
[SourceTitle "EXT 2024"]
[Source "ChessBase"]
[SourceDate "2023.10.10"]
[SourceVersion "1"]
[SourceVersionDate "2023.10.10"]
[SourceQuality "1"]

1. d4 Nf6 2. c4 e6 3. Nc3 d5 4. cxd5 exd5 5. Bg5 Be7 6. e3 c6 7. Bd3 Nbd7 8. Qc2 Nh5 9. Bxe7 Qxe7 10. 0-0-0 Nb6 11. Kb1 g6 12. Rc1 Ng7 13. Nf3 Bf5 14. Ne5 0-0 15. g4 Bxd3 16. Nxd3 Nc4 17. h4 f5 18. h5 fxg4 19. hxg6 h5 20. Nf4 Qg5 21. Nce2 Rae8 22. Rh2 Qf5 23. Qxf5 Rxf5 24. Ng3 Rxf4 25. exf4 Nd2+ 26. Kc2 Nf3 27. Rxh5 Nxh5 28. Nxh5 Re6 29. Kd3 Rxg6 30. f5 Rh6 31. Ng3 Kf7 32. b4 a6 33. a4 Rh2 34. Ke3 Rh8 35. Rd1 Re8+ 36. Kf4 Re1 37. Rd3 Nh2 38. b5 axb5 39. axb5 Nf1 40. bxc6 bxc6 41. Kxg4 Nxg3 42. fxg3 Kf6 43. Rf3 Rd1 44. Rf4 Rc1 45. Kh3 c5 46. Kh4 1-0